| 000 | 00505nam a2200181Ia 4500 | ||
|---|---|---|---|
| 008 | 151018s9999 xx 000 0 und d | ||
| 082 |
_bRBASDV50165 _a891.463 |
||
| 100 | _aश्री स जोशी | ||
| 245 | _aअथांग | ||
| 250 | _b1 | ||
| 260 |
_bस्पर्श प्रकाशन _c2008 |
||
| 300 | _a151 | ||
| 600 | _aश्री स जोशी | ||
| 630 | _aअथांग | ||
| 700 | _aश्री स जोशी | ||
| 730 | _aअथांग | ||
| 942 | _cBOOK | ||
| 999 |
_c1049143 _d1049140 |
||